Hottest Cities in South America - Statistics

General Stats
  • This quiz has been taken 51 times
  • The average score is 14 of 23
Answer Stats
Answer % Correct
Rio de Janeiro
89%
Fortaleza
82%
Maracaibo
82%
Belém
80%
Buenos Aires
80%
Manaus
80%
Guayaquil
78%
Barranquilla
76%
Montevideo
76%
Asuncion
71%
Córdoba
67%
Natal
64%
Rosario
64%
Valencia
64%
Cartagena
62%
São Luís
60%
Goiânia
49%
Mendoza
47%
João Pessoa
38%
San Miguel de Tucumán
31%
Teresina
24%
Cúcuta
18%
Santos
16%
No matching quizzes found
Score Distribution
Percent of People with Each Score
Percentile by Number Answered
Your Score History
You have not taken this quiz